1258 1004 1363 1705 1325 1494 1212 1100 1954 1086 1469 1476 1796 1850 1531 1427 1522 1940 1702 1460 1464 1715 1257 1529 1213 1081 1247 1541 1092 1905 1313 1413 1764 1720 1997 1492 1133 1136 1022 1602 1280 1919 1241 1571 1851 1958 1807 2000 1723 1034 1900 1180 1734 1423 1983 1992 1708 1791 1371 1282 1837 1387 1611 1213 1106 1053 1775 1038 1551 1265 1485 1797 1168 1142 1950 1762 1665 1430 1535 1610 1892 1647 1897 1175 1146 1982 1698 1826 1365 1405 1392 1100 1315 1332 1173 1491 1605 1731 1824 BCNSPRNW ULIB Ver.6.0+V

เปลี่ยนเป็นภาษาไทย

Change to English
 แสดงรายละเอียดบรรณานุกรม
  กลับหน้าหลัก

Brief Record : Get Marc (ISO 2709) : E-mail record : QR code < ปิดหน้าต่าง
LEADER : 00000nam 2200000uu 4500
001    13399112044
003     ULIB
008    110725s2543||||th 000 0 tha d
020    9748559017
050  4 H62^bอ825ก 2543
100 0  อุทุมพร จามรมาน
245 10 การเขียนโครงการวิจัย/^cอุทุมพร จามรมาน
260    [ม.ป.ท.] :^b[ม.ป.พ.],^c[2543]
300    61 หน้า ;^c22 ซม
650  7 โครงการวิจัย^xการเขียน
945    ^p40^l0^i019098
945    ^p40^l0^i029097
949    ทศพร
999 ^a ทศพร
รายการนี้ยังไม่มีแท็ก
คุณยังไม่ได้ล็อกอิน คุณสามารถมีกิจกรรมร่วมกับเว็บไซต์ได้ แต่ต้องล็อกอินก่อน ::
  ล็อกอิน

รายการสื่อสารสนเทศ

ลำดับที่ ประเภท เลขเรียก/บาร์โค้ด สถานที่ สถานะ
- ไม่พบข้อมูล -

BibComment


ยังไม่เคยถูกคอมเมนท์

คอมเมนท์ทรัพยากรรายการนี้
  คอมเมนท์: การเขียนโครงการวิ..


 Copyright 2026. Bcnsprnw @Library